Can YOU Win the English Premier League 2012-2013 Quiz Stats

 Plays Quiz not verified by Sporcle

Challenge
Share
Tweet
Embed
Score 0/40 Timer 06:00
0 Plays Today
Fixture Result % Correct
????
91.8%
????
86.1%
????
82.3%
????
78.8%
????
66.4%
????
66.3%
????
66.1%
????
65.4%
????
65.4%
????
62.6%
????
58.7%
????
57.2%
????
57.2%
????
56.9%
????
55.1%
????
53.1%
????
52.5%
????
52.3%
????
50.2%
????
49.3%
Fixture Result % Correct
????
48.4%
????
48.2%
????
47.8%
????
47.6%
????
47.2%
????
47%
????
46.2%
????
42.1%
????
40.8%
????
40.4%
????
40.1%
????
33.2%
????
33%
????
31.3%
????
31.1%
????
29.5%
????
27.8%
????
26.2%
????
22.8%
????
16.7%

You're not logged in!

Compare scores with friends on all Sporcle quizzes.
Join for Free
OR
Log In

You Might Also Like...

Show Comments

Extras

Top Quizzes Today


Score Distribution

Your Account Isn't Verified!

In order to create a playlist on Sporcle, you need to verify the email address you used during registration. Go to your Sporcle Settings to finish the process.

Report this User

Report this user for behavior that violates our Community Guidelines.

Details: